<?xml version="1.0" encoding="UTF-8"?>
<marc:record xmlns:marc="http://www.loc.gov/MARC21/slim">
   <marc:leader>00000nam a2200000 a 4500</marc:leader>
   <marc:datafield ind1="1" ind2=" " tag="100">
      <marc:subfield code="a">Carey, M.V.</marc:subfield>
      <marc:subfield code="4">aut</marc:subfield>
      <marc:subfield code="e">Verfasser/-in</marc:subfield>
   </marc:datafield>
   <marc:datafield ind1=" " ind2=" " tag="653">
      <marc:subfield code="a">Abenteuer</marc:subfield>
   </marc:datafield>
   <marc:datafield ind1=" " ind2=" " tag="653">
      <marc:subfield code="a">Die drei ???</marc:subfield>
   </marc:datafield>
   <marc:datafield ind1="0" ind2="0" tag="245">
      <marc:subfield code="a">Die bedrohte Ranch</marc:subfield>
   </marc:datafield>
   <marc:datafield ind1="0" ind2="0" tag="245">
      <marc:subfield code="b">Die drei ???</marc:subfield>
   </marc:datafield>
   <marc:datafield ind1=" " ind2="1" tag="264">
      <marc:subfield code="b">Omnibus</marc:subfield>
      <marc:subfield code="c">2007</marc:subfield>
   </marc:datafield>
   <marc:datafield ind1="1" ind2=" " tag="490">
      <marc:subfield code="a">Die drei ???</marc:subfield>
   </marc:datafield>
   <marc:datafield ind1="1" ind2=" " tag="520">
      <marc:subfield code="a">Ein amerikanischer Millionär befürchtet eine Finanzkatastrophe, seine Frau fühlt sich von einer Invasion aus dem Weltraum bedroht – die Barrons haben sich daher von der Welt abgeschottet und auf der einsamen Ranch Valverde verschanzt. Hier leben sie mit ein paar Angestellten vollkommen unabhängig vom Rest der Welt. Justus, Bob und Peter haben eine Schwäche für solche Exzentriker und bieten sich als Fahrer an, um ein paar Dinge von Onkel Titus‘ Schrotthandel zur Ranch zu bringen. Aus einer kurzen Stippvisite, um die Neugierde zu befriedigen, wird unversehens ein längerer Aufenthalt, denn plötzlich bricht der Notstand aus. Alle Straßen werden gesperrt, die drei ??? sind unfreiwillig gefangen auf der Ranch. Wird Amerika tatsächlich von Außerirdischen bedroht? Oder hat da jemand eine perfekte Show inszeniert, um sich unbemerkt den Reichtum der Barrons zu sichern?</marc:subfield>
   </marc:datafield>
   <marc:datafield ind1=" " ind2=" " tag="020">
      <marc:subfield code="a">9783570217603</marc:subfield>
      <marc:subfield code="9">9783570217603</marc:subfield>
   </marc:datafield>
</marc:record>
